| 000 | 00445nam a2200145Ia 4500 | ||
|---|---|---|---|
| 008 | 231129s2006||||xx |||||||||||||| ||spa|| | ||
| 020 | _a958-631-296-8 | ||
| 040 | _bspa | ||
| 082 | _a624.17 M385e | ||
| 100 | _aMartínez Murcia José Gustavo | ||
| 245 | 0 | _aEstructuras | |
| 260 | _c2006 | ||
| 264 | _aUniversidad Santo Tomás. Vicerrectoría de Universidad. Abierta y a Distancia | ||
| 942 |
_2ddc _cBKS |
||
| 999 |
_c13608 _d13608 |
||